000 00383pab a2200157 454500
008 180718b2011 xxu||||| |||| 00| 0 eng d
100 _aHuijsmans, Roy
245 _aChild migration and questions of agency (Review essay
260 _c2011
300 _ap.1307-1321.
362 _aSep
650 _aMigration
773 _aDevelopment and Change
908 _aN
909 _a93601
999 _c93601
_d93601